Discurso leído por el Excmo. Sr. Don Jesús Aguirre y Ortiz de Zárate, duque de Alba, ante la Real Academia Española... el día 11 de diciembre y contestación del Excmo. Sr. Don Fernando Lázaro Carreter. (Record no. 12420)

MARC details
000 -LEADER
campo de control de longitud fija 00993nam a2200241 i 4500
001 - NÚMERO DE CONTROL
campo de control 12420
003 - IDENTIFICADOR DE NÚMERO DE CONTROL
campo de control ES-MaACL
005 - FECHA Y HORA DE LA ÚLTIMA TRANSACCIÓN
campo de control 20251011110839.0
007 - CAMPO FIJO DE DESCRIPCIÓN FÍSICA--INFORMACIÓN GENERAL
campo de control de longitud fija t|
008 - DATOS DE LONGITUD FIJA--INFORMACIÓN GENERAL
campo de control de longitud fija 871202s1986 sp 0000s spa
080 ## - NÚMERO DE LA CLASIFICACIÓN DECIMAL UNIVERSAL
Número de la Clasificación Decimal Universal 929 Aranda, Pedro Pablo Abarca de Bolea, Conde de (042)
100 1# - ENTRADA PRINCIPAL--NOMBRE DE PERSONA
Nombre de persona Aguirre, Jesús
Títulos y otros términos asociados al nombre Duque de Alba.
9 (RLIN) 125561
245 10 - MENCIÓN DEL TÍTULO
Título Discurso leído por el Excmo. Sr. Don Jesús Aguirre y Ortiz de Zárate, duque de Alba, ante la Real Academia Española... el día 11 de diciembre y contestación del Excmo. Sr. Don Fernando Lázaro Carreter.
260 ## - PUBLICACIÓN, DISTRIBUCIÓN, ETC.
Lugar de publicación, distribución, etc. Madrid :
Nombre del editor, distribuidor, etc. [s.n.],
Fecha de publicación, distribución, etc. 1986 (
Fabricante Imp. Aguirre)
300 ## - DESCRIPCIÓN FÍSICA
Extensión 87 p ;
Dimensiones 25 cm.
500 ## - NOTA GENERAL
Nota general Apéndice documental: p. 61-71.
504 ## - NOTA DE BIBLIOGRAFÍA, ETC.
Nota de bibliografía, etc. Bibliografía: p. 53-58.
600 14 - PUNTO DE ACCESO ADICIONAL DE MATERIA--NOMBRE DE PERSONA
Nombre de persona Aranda, Pedro Pablo Abarca de Bolea,
Títulos y otros términos asociados al nombre Conde de,
Fechas asociadas al nombre 1719-1798
9 (RLIN) 22282
700 1# - ENTRADA AGREGADA--NOMBRE PERSONAL
Nombre de persona Lázaro Carreter, Fernando,
Fechas asociadas al nombre 1923-2004
9 (RLIN) 70798
710 2# - ENTRADA AGREGADA--NOMBRE DE ENTIDAD CORPORATIVA
Nombre de entidad corporativa o nombre de jurisdicción como elemento de entrada Real Academia Española
9 (RLIN) 6336
852 4# - LOCALIZACIÓN
Ubicación ES-MaACL
Número de control de estantería L-19687
Holdings
Estatus retirado Estado de pérdida Estado de daño No para préstamo Biblioteca de origen Biblioteca actual Ubicación en estantería Fecha de adquisición Fuente de adquisición Total de préstamos Signatura topográfica completa Código de barras Visto por última vez Precio de reemplazo Tipo de ítem Koha
        Biblioteca del Ateneo de Madrid Biblioteca del Ateneo de Madrid Depósito 2 17/01/2008     L-19687 1012655 23/02/2023 23/02/2023 Libro impreso